L'art de la renaissance
Shranjeno v:
| Glavni avtor: | |
|---|---|
| Format: | Knjiga |
| Jezik: | Undetermined |
| Izdano: |
Paris
Larousse
1963
|
| Teme: | |
| Oznake: |
Označite
Brez oznak, prvi označite!
|
| Thư viện lưu trữ: | Trung tâm Học liệu Trường Đại học Cần Thơ |
|---|
| LEADER | 00473nam a2200181Ia 4500 | ||
|---|---|---|---|
| 001 | CTU_26625 | ||
| 008 | 210402s9999 xx 000 0 und d | ||
| 082 | |a 709.024 | ||
| 082 | |b M981 | ||
| 100 | |a Peter | ||
| 245 | 0 | |a L'art de la renaissance | |
| 245 | 0 | |c Peter, Linda Murray | |
| 260 | |a Paris | ||
| 260 | |b Larousse | ||
| 260 | |c 1963 | ||
| 650 | |a arts - history,arts, renaissance | ||
| 904 | |i Minh, 981015 | ||
| 980 | |a Trung tâm Học liệu Trường Đại học Cần Thơ | ||